Cehalet ve rüşvet (Record no. 3526)

MARC details
000 -BAŞLIK
Sabit Uzunlukta Kontrol Alanı 00755na a2200253 4500
001 - KONTROL NUMARASI
Denetim Alanı 16561
003 - KONTROL NUMARASI IDENTIFIER
Denetim Alanı MIRAKIL
005 - SON İŞLEM TARİHİ VE ZAMANI
Denetim Alanı 20181213154934.0
008 - SABİT-BOY VERİ ELEMANLARI - GENEL BİLGİLER
Sabit Uzunlukta Kontrol Alanı 161020b tu 000 0
040 ## - KATALOGLAMA KAYNAK
Orijinal Kataloglama Ajansı Milas
Kataloglama Dili tur
Metne Dönüştürmek Ajansı TR-AnCHP
041 ## - DİL KODU
Metin / Ses Parça Veya Ayrı Başlığın Dil Kodu tur
082 ## - DEWEY ONLU SINIFLANDIRMA NUMARASI
Sınıflandırma Numarası 923.6 Yılmaz,K.
Ürün Numarası Y44c 2007
090 ## - SINIFLAMA NUMARASI
Sınıflama Numarası 923.6 Yılmaz,K. Y44c 2007
100 ## - ANA GİRİŞ - KİŞİSEL İSİM
Kişisel Ad Yılmaz, Kazım
245 ## - BAŞLIK TABLOSU
Başlık Cehalet ve rüşvet
Sorumluluk Tablosu, Vb Kazım Yılmaz
260 ## - YAYIN, DAĞITIM, VB
Yayın, Dağıtım, Vb Yeri Datça, Muğla
Yayıncı, Dağıtıcı, Vs Adı [yay.y.]
Yayın, Dağıtım, Vb Tarihi 2007
Üretici Firma Aktif Matbaası
300 ## - FİZİKSEL TANIM
Kapsam 177 s.
Diğer Fiziksel Ayrıntıları fotg.
Boyutlar 20 sm.
490 ## - SERİSİ TABLOSU
Seri Beyanı Yılmaz yayınları
Hacim / Ardışık Tanımı 001
600 ## - KONU KATMA GİRİŞ - KURUMSAL ADI
Kişisel Ad Yılmaz, Kazım
Genel Alt Bölümü Siyasal ve sosyal görüşler
Kronolojik Alt Bölümü Anılar
650 ## - KONU KATMA GİRİŞ - TOPİKAL DÖNEM
Topikal Süreli Veya Coğrafi Ad Giriş Elemanı Cehalet
Genel Alt Bölümü Denemeler
650 ## - KONU KATMA GİRİŞ - TOPİKAL DÖNEM
Topikal Süreli Veya Coğrafi Ad Giriş Elemanı Rüşvet
Genel Alt Bölümü Denemeler
942 ## - EKLENDİ GİRİŞ ELEMANLARI (KOHA)
Sınıflandırma Veya Raf Düzeni Kaynak Dewey Decimal Classification
Koha Öğesi Türü Books
999 ## - SİSTEM KONTROL NUMARALARI (KOHA)
Koha Biblionumber 3526
Koha Biblioitemnumber 3526
657 ## - INDEX SÜRE - İŞLEVİ
-- Siyasal suistimal
-- Anılar
Holdings
Kalıcı Konum Mevcut Konum Edinme Tarihi Edinim Kaynak Toplam Check-Out'Lar Tam Çağrı Numarası Barkod Tarih Son Görülme İtibaren Geçerli Fiyatlar Koha Öğesi Türü
CHP Kütüphanesi CHP Kütüphanesi 10/08/2016 Bağış   923.6 Yılmaz,K. Y44c 2007 006616 10/08/2016 10/08/2016 Books